000 00652nam a2200229Ia 4500
003 OSt
005 20220928112515.0
006 a|||||r|||| 00| 0
007 ta
008 220927b |||||||| |||| 00| 0 eng d
024 _a127014
037 _bGift, 23/09/2015,
_cTextual
040 _aSDCL
_cSDCL
_beng
041 _2eng
_aeng
082 _aO42,3D97, N2.1
100 _aShikibu Murasaki
245 0 _aTale of genji
_b The Uji chapter part I
260 _aKoyoto
_bYamaguchi Shoten
_c2013
300 _aix;319p.
_ccm.
942 _hO42,3D97, N2.1
_cTEXL
_2CC
999 _c745000
_d745000